00896nam a2200241 a 450000100060000000300080000600500170001400800410003102000150007203500190008704000320010604100080013808200220014624501110016826000310027930000260031050001110033650400410044761000470048870000330053570000550056871000310062384122BD-RjUL20241017140123.0241017s1969 enk b 101 0 eng a a0582500168 a(BD-RjUL)84122 aDLCcDLCdDLCdBD-RjULbeng aeng00a330.942bECO 196900aEconomics:bBritain and the E.E.C. /cby Harry G. Johnson ... [et al.]; edited by M. A. C. van Meerhaeghe. aLondon :bLongmans,c1969. aviii, 111 p.;c23 cm. a"A collection of papers read during the symposium ... held at the University of Ghent on 8 February 1969." aIncludes bibliographical references.20aEuropean Economic CommunityzGreat Britain1 aJohnson, Mary Gordon,d1923-1 aMeerhaeghe, Marcel Alfons Gilbert van,d1921-eed.2 aRijksuniversiteit te Gent.